| 000 | 01264nam0a22003011 4500 | ||
|---|---|---|---|
| 001 | rc\4894573 | ||
| 005 | 20130426152222.2 | ||
| 021 |
_aRU _b[60-69866] |
||
| 035 | _a(NLR Aleph) 008924817 | ||
| 090 |
_a8847159 _c8847159 |
||
| 100 | _a20130426d1960 |||y0rusy50 ca | ||
| 101 | 0 | _arus | |
| 102 | _aRU | ||
| 105 | _aa z ||||| | ||
| 200 | 1 |
_aВышивка крестом _e[Альбом-пособие] _fНауч.-исслед. ин-т худож. пром-сти Роспромсовета |
|
| 210 |
_aМосква _cКОИЗ _d1960 |
||
| 215 |
_a7 с., 18 л. ил., 4 отд. ил. _cил. _d22х29 |
||
| 300 | _aАвт. указаны на обороте тит. л.: В.Я. Яковлева, И.П. Работнова и О.Г. Крысина | ||
| 606 |
_aВышивка ручная _2psbo |
||
| 700 | 1 |
_aЯковлева _bВ. Я. _gВера Яковлевна |
|
| 701 | 1 |
_aКрысина _bО. Г. _gОльга Георгиевна |
|
| 701 | 1 |
_aРаботнова _bИ. П. _gИрина Павловна |
|
| 712 | 0 | 2 |
_aНИИ художественной промышленности _cМосква _3RU\NLR\AUTH\889936747 |
| 801 | 0 |
_aRU _bNLR _gpsbo |
|
| 801 | 1 |
_aRU _bELAR _2rusmarc |
|
| 852 |
_aNLR _jЭ АлИс632-63/2-39 |
||
| 942 | _cBOOK | ||
| 980 | _aNB | ||